تنو ير ا حمد علو ی کا جہا ن معا فی(حصہ ا و ل) (Record no. 163976)

MARC details
000 -LEADER
fixed length control field 00713nam a22001937a 4500
005 - DATE AND TIME OF LATEST TRANSACTION
control field 20190507174400.0
010 ## - LCCN (DPL NO)
LC control number UR-10072
020 ## - INTERNATIONAL STANDARD BOOK NUMBER
Terms of availability 380.00
International Standard Book Number 9789386486868
035 ## - SYSTEM CONTROL NUMBER
System control number U-8627
037 ## - SOURCE OF ACQUISITION
Source of stock number/acquisition DBAD/PUB
082 ## - DEWEY DECIMAL CLASSIFICATION NUMBER
Classification number 840.08
100 ## - MAIN ENTRY--PERSONAL NAME
Personal name ثمر حہا ن
245 ## - TITLE STATEMENT
Title تنو ير ا حمد علو ی کا جہا ن معا فی(حصہ ا و ل)
Statement of responsibility, etc ثمر حہا ن
246 ## - VARYING FORM OF TITLE
Remainder of title Tanveer Ahmad Alvi ka Jahan-e-Ma,ani(Vol.1))(Urdu)
Title proper/short title by Samar Jahan
260 ## - PUBLICATION, DISTRIBUTION, ETC. (IMPRINT)
Place of publication, distribution, etc Delhi
Name of publisher, distributor, etc Educational Publishing House
Date of publication, distribution, etc 2017 ء
270 ## - ADDRESS
Address 3191،Vakil Street,Kucha Pandit,Lal Kuan,
City Delhi
Postal code 110006
Telephone number 23216162
Fax number 00911123211540
300 ## - PHYSICAL DESCRIPTION
Extent 660ص
Dimensions 22 Cm.(bk)
942 ## - ADDED ENTRY ELEMENTS (KOHA)
Source of classification or shelving scheme Dewey Decimal Classification
Item type Urdu Bks
Classification part 840.08
Call number suffix ث م ر
Holdings
Withdrawn status Lost status Not for loan Collection code Home library Current library Date acquired Source of acquisition Cost, normal purchase price Full call number Barcode Copy number Cost, replacement price Koha item type
    Not For Loan Non-fiction D.B.Act.Division D.B.Act.Division 07/05/2019 DBAD/PUB 380.00 840.08 ث م ر U-8627 1 380.00 Urdu Bks

© Delhi Public Library
Hit Counter
free hit counter